| 000 | 00541nam a2200193 a 4500 | ||
|---|---|---|---|
| 001 | 6733 | ||
| 003 | CO-ViMGA | ||
| 008 | 141112s2004 ck r 000 u spa d | ||
| 040 |
_aCO-ViMGA _bspa _cCO-ViMGA |
||
| 082 | _aCo861.44 J673 | ||
| 245 | 1 | 0 |
_aJorge Robledo Ortiz : _bselección |
| 260 |
_aSantafé de Bogotá : _bPanAméricana, _c1997 |
||
| 300 | _a49 p : il | ||
| 490 | _aCuadernillos de poesía | ||
| 590 | _aEjemplares : 2 | ||
| 650 | 1 | 4 |
_aPOESIA COLOMBIANA _91069 |
| 650 | 1 | 4 |
_aROBLEDO ORTIZ, JORGE 1953 - _95209 |
| 942 |
_2ddc _cBK |
||
| 999 |
_c10689 _d10689 |
||